000
00325nam a2200133Ia 4500
008
220613s9999||||xx |||||||||||||| ||und||
100
_a
Syed A Abutalib
245
0
_a
Cancer Consult Expertise For clinical Practiice
250
_a
1st (2014)
260
_b
Wiley Black
300
_a
945
650
_a
Oncology
942
_c
SURG
999
_c
10051
_d
10051